Statystyki dla To Była Dekada- Ważne Wydarzenia 2000-2009

Kliknij tutaj aby rozwiązać quiz!

Ogólne statystyki

  • Ten quiz został rozwiązany 328 razy
    (325 od ostatniego zresetowania)
  • Średni wynik to 12 z 20

Statystyki odpowiedzi

RokWydarzenieOdpowiedź% Poprawnych
2001W tym mieście dochodzi dochodzi do największego zamachu terrorystycznego w historii Stanów Zjednoczonych.Nowy Jork
91%
2008Ta osoba zostaje pierwszym czarnoskórym prezydentem Stanów Zjednoczonych.Barack Obama
88%
2007Zostaje wydana ostatnia książka z sagi, opowiadającej o młodym czarodzieju z Anglii.Harry Potter i Insygnia Śmierci
85%
2003Wojska tego kraju dokonują inwazji na Irak.Stany Zjednoczone/Wielka Brytania
84%
2004Polska i 9 innych państw stają się członkami tej międzynarodowej organizacji handlowej.Unia Europejska
83%
2009Swoje życie rozpoczyna ta kryptowaluta.Bitcoin
80%
2004W tym kraju wybucha tzw. "Pomarańczowa Rewolucja".Ukraina
74%
2009Z powody przedawkowania leków umiera ta gwiazda muzyki pop.Michael Jackson
72%
2005Europejska organizacja bojowa o tej nazwie oficjalnie kończy swoją działalność.Irlandzka Armia Republikańska
70%
2008Wojska Federacji Rosyjskiej wkraczają na terytorium tego kraju.Gruzja
64%
2001Koalicja anty-terrorystyczna rozpoczyna działania wojenne w tym kraju.Afganistan
61%
2000Swoją premierę ma najlepiej sprzedająca się konsola do gier video w historii.PlayStation 2
56%
2006To europejskie państwo ogłasza swoją niepodległość.Czarnogóra
54%
2000W tym mieście odbywają się XXVII letnie igrzyska olimpijskie.Sydney
48%
2005Huragan piątej kategorii o tej nazwie, uderza w Wschodnie Wybrzeże Stanów Zjednoczonych.Katrina
43%
2006W Bagdadzie przez powieszenie ginie ten dyktator.Saddam Husajn
33%
2002W tym mieście dochodzi do zamachu terrorystycznego na teatr, w rezultacie giną 173 osoby.Moskwa
32%
2002Ten azjatycki kraj uzyskuje niepodległość.Timor Wschodni
32%
2007Swoją premiera ma gra o tym tytule, traktująca o upadłym "rajskim" mieście pod wodami oceanu.Bioshock
12%
2003Dochodzi do katastrofy tego wahadłowca, podczas powrotu z przestrzeni kosmicznej.Columbia
11%

Rozkład punktacji

Percentyl według liczby udzielonych odpowiedzi

Procent ludzi z każdym wynikiem

Twoja historia wyników

Nie rozwiązałeś tego quizu od ostatniego zresetowania